000 00508nam a2200217Ia 4500
003 OSt
005 20221005115537.0
006 a|||||r|||| 00| 0
007 ta
008 221004b |||||||| |||| 00| 0 eng d
024 _a120652
037 _cTextual
040 _aCRL
_cCRL
_beng
041 _2eng
_aeng
100 _aWroth Lawrence C
_9627708
245 0 _aChief end of book madness
260 _c1945
650 _aARTS
942 _cTEXL
_2cc
999 _c1035147
_d1035147